00461nam a22001337a 4500003000400000008004100004082001800045100003000063245014200093260003800235300000900273502001500282650003000297OSt260423b |||||||| |||| 00| 0 eng d a635.642bS48G aSingh, Kamleshwari Prasad aGenetic Variability and Correlation Studies for Yield and Physico-Chemical Traits of Spring Season Tomato (Lycopersicon esculenium Mill.) aPusa, SamastipurbRAU, Pusac1988 a84P. bMsc.d1988 aVegetables & Floriculture